LEADER 01461cam2-2200409---450- 001 990002854510203316 005 20110505145953.0 010 $a88-14-13051-5 035 $a000285451 035 $aUSA01000285451 035 $a(ALEPH)000285451USA01 035 $a000285451 100 $a20070115h2006----km-y0itay50------ba 101 $aita 102 $aIT 105 $a||||||||001yy 200 1 $aEfficienza e garanzie nell'evoluzione dell'organizzazione statale$fMarco Cresti 210 $aMilano$cGiuffre$dcopyr. 2006 215 $aXIII, 251 p.$d24 cm 225 2 $aDipartimento di diritto dell'economia, Universitą di Siena$v11 410 0$aDipartimento di diritto dell'economia, Universitą di Siena$v11$1001000351999 606 0 $aAmministrazione pubblica$xOrganizzazione 676 $a338.620945 700 1$aCRESTI,$bMarco$0251909 801 0$aIT$bsalbc$gISBD 912 $a990002854510203316 951 $aXXX.A. Coll. 126/ 14 (X 22 XI 19 bis)$b50987 G.$cXXX.A. Coll. 126/ 14 (X 22 XI)$d00119682 959 $aBK 969 $aGIU 979 $aIANNONE$b90$c20070115$lUSA01$h1105 979 $aIANNONE$b90$c20070115$lUSA01$h1133 979 $aRSIAV4$b90$c20100720$lUSA01$h0922 979 $aFIORELLA$b90$c20110505$lUSA01$h1459 979 $aCHIARA$b90$c20110519$lUSA01$h1000 979 $aCHIARA$b90$c20110519$lUSA01$h1000 996 $aEfficienza e garanzie nell'evoluzione dell'organizzazione statale$9728664 997 $aUNISA LEADER 03398nam 2200649 450 001 9910460581603321 005 20210505214110.0 010 $a0-520-96289-3 024 7 $a10.1525/9780520962897 035 $a(CKB)3710000000494943 035 $a(EBL)4054162 035 $a(SSID)ssj0001552890 035 $a(PQKBManifestationID)16171995 035 $a(PQKBTitleCode)TC0001552890 035 $a(PQKBWorkID)14812774 035 $a(PQKB)11465669 035 $a(MiAaPQ)EBC4054162 035 $a(DE-B1597)520424 035 $a(OCoLC)1102800276 035 $a(DE-B1597)9780520962897 035 $a(Au-PeEL)EBL4054162 035 $a(CaPaEBR)ebr11153289 035 $a(OCoLC)940518495 035 $a(EXLCZ)993710000000494943 100 $a20160216h20162016 uy 0 101 0 $aeng 135 $aurnnu---uu||u 181 $ctxt 182 $cc 183 $acr 200 10$aIntroduction to water in California /$fDavid Carle 205 $aSecond edition. 210 1$aOakland, California :$cUniversity of California Press,$d2016. 210 4$d©2016 215 $a1 online resource (347 p.) 300 $aDescription based upon print version of record. 311 $a0-520-28790-8 311 $a0-520-28789-4 320 $aIncludes bibliographical references and index. 327 $tFront matter --$tCONTENTS --$tAcknowledgments --$tCHAPTER ONE. Tapping into a Planetary Cycle --$tCHAPTER TWO. California Water Landscape --$tCHAPTER THREE. The Distribution System --$tCHAPTER FOUR. Challenges to California Water Management --$tCHAPTER FIVE. Meeting the Challenges: California's Water Future --$tACRONYMS AND ABBREVIATIONS --$tHISTORICAL TIMELINE --$tAGENCIES AND ORGANIZATIONS --$tREFERENCES --$tPHOTO CREDITS --$tINDEX --$tAUTHOR BIOGRAPHY 330 $aThis thoroughly engaging, concise book tells the story of California's most precious resource, tracing the journey of water in the state from the atmosphere to the snowpack to our faucets and foods. Along the way, we learn much about California itself as the book describes its rivers, lakes, wetlands, dams, and aqueducts and discusses the role of water in agriculture, the environment, and politics. Essential reading in a state facing the future with an overextended water supply, this fascinating book shows that, for all Californians, every drop counts. New to this updated edition: * Additional maps, figures, and photos * Expanded coverage of potential impacts to precipitation, snowpack, and water supply from climate change * Updated information about the struggle for water management and potential solutions * New content about sustainable groundwater use and regulation, desalination, water recycling, storm water capture, and current proposals for water storage and diversion *Additional table summarizing water sources for 360 California cities and towns 606 $aWater-supply$zCalifornia 606 $aHydrology$zCalifornia 606 $aWater-supply$zCalifornia$xManagement 608 $aElectronic books. 615 0$aWater-supply 615 0$aHydrology 615 0$aWater-supply$xManagement. 676 $a363.6/109794 700 $aCarle$b David$f1950-$01026593 801 0$bMiAaPQ 801 1$bMiAaPQ 801 2$bMiAaPQ 906 $aBOOK 912 $a9910460581603321 996 $aIntroduction to water in California$92477265 997 $aUNINA LEADER 03955nam 2201009z- 450 001 9910619466003321 005 20221025 010 $a3-0365-4928-5 035 $a(CKB)5670000000391614 035 $a(oapen)https://directory.doabooks.org/handle/20.500.12854/93209 035 $a(oapen)doab93209 035 $a(EXLCZ)995670000000391614 100 $a20202210d2022 |y 0 101 0 $aeng 135 $aurmn|---annan 181 $ctxt$2rdacontent 182 $cc$2rdamedia 183 $acr$2rdacarrier 200 00$aMaterials, Design and Process Development for Additive Manufacturing 210 $cMDPI - Multidisciplinary Digital Publishing Institute$d2022 215 $a1 online resource (172 p.) 311 08$a3-0365-4927-7 330 $aAdditive manufacturing is already actively used in various high-tech industries today. At the same time, there is a certain limitation and imperfection of known and widely used conventional materials when they are used in additive manufacturing. In this regard, extensive research and development are aimed at the advancements of new materials by adjusting the chemical compositions of conventional alloys, new equipment with expanded functionality and the ability to work with a wide range of materials that were previously not available for additive manufacturing. This Special Issue covers a wide scope of additive manufacturing processes, comprising investigation, characterization of materials and their properties, development and application of new materials, structures designed for additive manufacturing, as well as processes and techniques that will expand the potential applications of layer-by-layer synthesis. 606 $aIndustrial chemistry and chemical engineering$2bicssc 606 $aTechnology: general issues$2bicssc 610 $aadditive manufacturing 610 $aadditive manufacturing (AM) 610 $aalloys 610 $aannealing 610 $abarium titanate 610 $abinder jetting 610 $acobalt 610 $acorrosion resistant steel 610 $aDC thermal plasma 610 $adirect energy deposition 610 $adirect laser deposition 610 $adirect laser deposition (DLD) 610 $adirect metal deposition 610 $aelevated temperatures 610 $aFeSiB 610 $agraded materials 610 $agranulation 610 $aheat transfer 610 $aheat treatment (HT) 610 $ahydrodynamics 610 $alead-free piezoceramic 610 $amagnetic properties 610 $amaraging steel 610 $amass transfer 610 $amechanical alloying 610 $amechanical characteristics 610 $amechanical properties 610 $amicrostructure 610 $amultimaterial 3D printing 610 $an/a 610 $ananopowder 610 $anitinol 610 $aphase composition 610 $apiezoelectric properties 610 $aporosity 610 $apowder bed fusion 610 $apure tungsten 610 $apyrolysis 610 $aselective electron beam melting (SEBM) 610 $aselective laser melting 610 $asilicon carbide 610 $asimulation of the melt pool 610 $asintering 610 $asoft-magnetic alloy 610 $aspheroidization 610 $aspray drying 610 $astress relaxation 610 $asynthesis 610 $atensile properties 610 $athermal history 610 $aTi-6Al-4V 610 $atitanium alloy 610 $atitanium alloys 610 $atungsten carbides 615 7$aIndustrial chemistry and chemical engineering 615 7$aTechnology: general issues 700 $aSufiiarov$b Vadim$4edt$01323092 702 $aSufiiarov$b Vadim$4oth 906 $aBOOK 912 $a9910619466003321 996 $aMaterials, Design and Process Development for Additive Manufacturing$93035373 997 $aUNINA